El anglicismo en el español actual

Saved in:
Bibliografiske detaljer
Hovedforfatter: Medina López, Javier (autor)
Format: Bog
Sprog:spansk
Udgivet: Madrid Arco Libros 1996
Serier:Cuadernos de Lengua Española
Fag:
Tags: Tilføj Tag
Ingen Tags, Vær først til at tagge denne postø!

MARC

LEADER 00000nam a2200000 a 4500
001 UCO9797
003 CL-VaPUC
008 010309e19960000SP |||||||||||||||||spa|d
082 0 4 |a 467.09  |b MED  |2 21 
100 |a Medina López, Javier  |e autor  |9 454924 
245 1 3 |a El anglicismo en el español actual 
300 |a 69 p 
942 |c BK 
945 |d 20010309 00:00:00  |a cmena 
260 |a Madrid  |b Arco Libros  |c 1996 
650 0 |a Anglicismos  |9 454925 
650 0 |a Lengua española  |9 314728 
650 0 |a Investigación lingüística  |9 329785 
583 |a last modification  |c 20010309 00:00:00  |k Rodrigo Vera 
490 0 |a Cuadernos de Lengua Española 
999 |c 293820  |d 293818 
952 |0 0  |1 0  |4 0  |6 467_090000000000000_MED_1996  |7 0  |8 A  |9 345552  |a FDOPOS  |b FDOPOS  |d 2019-11-20  |i 3688100  |o 467.09 MED 1996  |p 3688100  |r 2025-01-22  |w 2019-11-20  |y BK  |k MLA